00291nam a2200121Ia 4500008004100000082001600041100001900057245001600076250000800092260004300100300001000143650001600153150201s1998 xx 000 0 und d a610bH1998B aBARBARA J.BAIN aHAEMATOLOGY a1ST bCHURCHILL LIVINGSTONEaEDINBURGHc1998 a1-109 aHAEMATOLOGY